| 000 | 00728cab a2200205 4500 | ||
|---|---|---|---|
| 001 | WB2515-19 | ||
| 008 | 090401t1989 xxu||||| |||| 00| 0 eng d | ||
| 035 | _a(Sirsi) u10883 | ||
| 041 | _aeng | ||
| 245 | _aLeasehold law | ||
| 260 | _c1989 | ||
| 350 | _a0 | ||
| 490 |
_aEvening Standard _v19/4/89 p25 |
||
| 490 |
_aHansard _v(HC) 19/4/89 cols 339-340 (2) |
||
| 520 | _aCalls for the reform of leasehold law, outlining the major points of a Private Member`s Bill to help potential purchasers of leasehold flats and existing leaseholders, who would be able to purchase their freeholds from owners who wished to sell. | ||
| 650 | _aCOMMONHOLD | ||
| 690 | _aPROPERTY-LANDLORD AND TENANT | ||
| 942 | _n0 | ||
| 948 | _c04/03/1997 | ||
| 999 |
_c6929 _d6929 |
||